<?xml version="1.0" encoding="UTF-8"?>
<record
    xmlns:xsi="http://www.w3.org/2001/XMLSchema-instance"
    xsi:schemaLocation="http://www.loc.gov/MARC21/slim http://www.loc.gov/standards/marcxml/schema/MARC21slim.xsd"
    xmlns="http://www.loc.gov/MARC21/slim">

  <leader>02586cam a2200325 a 4500</leader>
  <controlfield tag="001">3619</controlfield>
  <controlfield tag="003">FISKH</controlfield>
  <controlfield tag="005">20240328135208.0</controlfield>
  <controlfield tag="008">000908s2000    fr            000 0dfre  </controlfield>
  <datafield tag="010" ind1=" " ind2=" ">
    <subfield code="a">  2001318428</subfield>
  </datafield>
  <datafield tag="020" ind1=" " ind2=" ">
    <subfield code="a">2710309742</subfield>
  </datafield>
  <datafield tag="035" ind1=" " ind2=" ">
    <subfield code="a">(FrPJT)JTL00052842</subfield>
  </datafield>
  <datafield tag="040" ind1=" " ind2=" ">
    <subfield code="a">DLC</subfield>
    <subfield code="c">DLC</subfield>
    <subfield code="b">eng</subfield>
    <subfield code="d">FISKH</subfield>
  </datafield>
  <datafield tag="043" ind1=" " ind2=" ">
    <subfield code="a">a-cb---</subfield>
  </datafield>
  <datafield tag="050" ind1="0" ind2="0">
    <subfield code="a">DS554.8</subfield>
    <subfield code="b">.B65 2000</subfield>
  </datafield>
  <datafield tag="082" ind1=" " ind2=" ">
    <subfield code="a">959.604</subfield>
  </datafield>
  <datafield tag="100" ind1="1" ind2=" ">
    <subfield code="a">Bizot, Fran&#xE7;ois</subfield>
  </datafield>
  <datafield tag="245" ind1="1" ind2="3">
    <subfield code="a">Le portail /</subfield>
    <subfield code="c">Fran&#xE7;ois Bizot ; pr&#xE9;face de John Le Carr&#xE9;.</subfield>
  </datafield>
  <datafield tag="260" ind1=" " ind2=" ">
    <subfield code="a">Paris :</subfield>
    <subfield code="b">Table ronde,</subfield>
    <subfield code="c">c2000.</subfield>
  </datafield>
  <datafield tag="300" ind1=" " ind2=" ">
    <subfield code="a">397 pages :</subfield>
    <subfield code="b">illustrations ;</subfield>
    <subfield code="c">21 cm.</subfield>
  </datafield>
  <datafield tag="520" ind1=" " ind2=" ">
    <subfield code="a">"A literary and historical tour de force: what one man saw and did in a land of pristine beauty on the eve of one of the twentieth century's most barbaric spectacles." "In 1971, Francois Bizot was a young French scholar of Khmer pottery and Buddhist ritual working in rural Cambodia. Now, more than thirty years later, he has summoned up the unbearable memory of that moment, letting us see as never before those years leading inexorably to genocide. Perfectly recalled, indelibly written, The Gate recounts the nightmare of Bizot's arrest and captivity on suspicion of being an American spy, and his nearly miraculous survival as the only Westerner ever to escape a Khmer Rouge prison. It is the story, as well, of Bizot's unlikely friendship with his captor, Douch - a figure today better remembered as a ruthless perpetrator of the then-looming terror, about which Bizot tried, without success, to warn his government." "Bizot's experience to that point would itself have merited report. But upon his return to Cambodia four years later, chance ordained a second remarkable act in this drama. As the sole individual fluent in both French and Khmer, Bizot found himself playing the intermediary in a surreal standoff when the Communist-backed guerillas now ascendant, laid siege to the French Embassy compound in Phnom Penh. Finally it would fall to Bizot to lead the desperate retreat of the colonial population: here he recounts how he helped the remaining Westerners - and any Cambodians he could - to escape the doomed capital."--BOOK JACKET.</subfield>
  </datafield>
  <datafield tag="600" ind1="1" ind2="0">
    <subfield code="a">Bizot, Fran&#xE7;ois.</subfield>
  </datafield>
  <datafield tag="650" ind1=" " ind2="0">
    <subfield code="a">Communism</subfield>
    <subfield code="z">Cambodia.</subfield>
  </datafield>
  <datafield tag="650" ind1=" " ind2="0">
    <subfield code="a">Political atrocities</subfield>
    <subfield code="z">Cambodia.</subfield>
  </datafield>
  <datafield tag="651" ind1=" " ind2="0">
    <subfield code="a">Cambodia</subfield>
    <subfield code="x">History</subfield>
    <subfield code="y">1953-1975.</subfield>
  </datafield>
  <datafield tag="651" ind1=" " ind2="0">
    <subfield code="a">Cambodia</subfield>
    <subfield code="x">History</subfield>
    <subfield code="y">1975-1979.</subfield>
  </datafield>
  <datafield tag="906" ind1=" " ind2=" ">
    <subfield code="a">7</subfield>
    <subfield code="b">cbc</subfield>
    <subfield code="c">origres</subfield>
    <subfield code="d">3</subfield>
    <subfield code="e">ncip</subfield>
    <subfield code="f">20</subfield>
    <subfield code="g">y-gencatlg</subfield>
  </datafield>
  <datafield tag="942" ind1=" " ind2=" ">
    <subfield code="2">ddc</subfield>
    <subfield code="c">BK</subfield>
    <subfield code="n">0</subfield>
  </datafield>
  <datafield tag="999" ind1=" " ind2=" ">
    <subfield code="c">3619</subfield>
    <subfield code="d">3619</subfield>
  </datafield>
  <datafield tag="952" ind1=" " ind2=" ">
    <subfield code="0">0</subfield>
    <subfield code="1">0</subfield>
    <subfield code="2">ddc</subfield>
    <subfield code="4">0</subfield>
    <subfield code="7">0</subfield>
    <subfield code="8">NFIC</subfield>
    <subfield code="a">001</subfield>
    <subfield code="b">001</subfield>
    <subfield code="c">RKTK1</subfield>
    <subfield code="d">2024-03-28</subfield>
    <subfield code="l">0</subfield>
    <subfield code="o">BIZ 959.604 DS554.B6513</subfield>
    <subfield code="p">2024-0419</subfield>
    <subfield code="r">2024-03-28 13:52:04</subfield>
    <subfield code="w">2024-03-28</subfield>
    <subfield code="y">BK</subfield>
  </datafield>
</record>
